Hospodárenie verejnej správy SR v rokoch 2013-2015

Vývoj štátneho rozpočtu za rok 2013, 2014, 2015. Hospodárenie verejnej správy.

Gespeichert in:
Bibliographische Detailangaben
1. Verfasser: Meheš, Marek
Weitere Verfasser: Remiáš, Peter
Format: Buchkapitel
Sprache:Slowakisch
Schlagworte:
Tags: Tag hinzufügen
Keine Tags, Fügen Sie das erste Tag hinzu!

MARC

LEADER 00000nla a2200000 4500
001 0221279
005 20240502073633.2
041 0 |a slo 
044 |a SK 
245 1 0 |a Hospodárenie verejnej správy SR v rokoch 2013-2015  |c Marek Meheš, Peter Remiáš 
520 |a Vývoj štátneho rozpočtu za rok 2013, 2014, 2015. Hospodárenie verejnej správy. 
610 2 0 |a sektor verejný 
610 2 0 |a rozpočet štátny 
610 2 0 |a deficit rozpočtový 
610 2 0 |a dlhy verejné 
100 1 |a Meheš, Marek 
700 1 |a Remiáš, Peter